| 000 | 00459nam a2200169Ia 4500 | ||
|---|---|---|---|
| 999 |
_c36584 _d36584 |
||
| 003 | OSt | ||
| 005 | 20201214101221.0 | ||
| 008 | 190216s9999||||xx |||||||||||||| ||und|| | ||
| 040 | _coclc | ||
| 082 |
_a550 _bLEA/O |
||
| 100 |
_aLearners Press _97408 |
||
| 245 | 0 |
_aOur Planet : Earth / _cLearners Press |
|
| 260 |
_bLearners Press Pvt Ltd, _c2000. |
||
| 300 | _a32p | ||
| 650 | _aUniverse | ||
| 942 |
_cREF _2ddc _h550 _iLEA/O _k550 _mLEA/O |
||